객관식 도시 퀴즈 – 서울 - Statistics

General Stats
  • This quiz has been taken 37 times
  • The average score is 9 of 10
Answer Stats
Question Answer % Correct
서울은 한국의 어느 지역에 위치하고 있나요?
100%
유튜브에서 최초로 10억 뷰를 달성한 노래에서 언급된 서울의 지역은 어디인가요? 강남
94%
1950년 인천에 상륙하여 서울을 곧 해방시킨 미국 장군은 누구인가요? 더글러스 맥아더
94%
서울이 하계 올림픽을 개최한 해는 언제인가요? 1988
94%
롯데월드는 무엇인가요? 세계에서 가장 큰 실내 놀이공원
85%
1394년에 서울(당시 한양)을 수도로 정한 왕조는 무엇인가요? 조선
85%
서울에서의 빈부 격차를 다룬 아카데미 수상 영화는 무엇인가요? 기생충
82%
인구를 안정적으로 유지하려면 출산율이 약 2.1이어야 합니다. 서울의 출산율은 얼마인가요? 0.58
82%
다음 중 본사가 서울에 있지 않은 회사는 무엇인가요? 소니
79%
한국 전체 인구 중 서울 수도권에 거주하는 비율은 약 몇 퍼센트인가요? 50%
79%
No matching quizzes found
Score Distribution
Percent of People with Each Score
Percentile by Number Answered
Your Score History
You have not taken this quiz